| 000 | 01103cam a2200313 4500 | ||
|---|---|---|---|
| 001 | 768714001 | ||
| 003 | CO-MdBIC | ||
| 005 | 20231124093005.0 | ||
| 008 | 231124t1994 sp ||||| |||| 00| 0 spa d | ||
| 020 | _a978-84-301-1731-4 | ||
| 040 |
_bspa. _aCO-MdFUSB _cCO-MdFUSB _dCO-MdFUSBC _erda |
||
| 041 | _aspa | ||
| 082 | 0 | 4 | _aG 231 G3892a |
| 100 | 1 | _aGesché, Adolphe (1928 - 2003) | |
| 245 | 1 | 0 |
_aDios : Dios para pensar III / Adolphe Gesché ; traducido por Mario Salas _c/ |
| 264 | 1 |
_aSalamanca : Sígueme _bEdiciones Sígueme, _c[2005] |
|
| 264 | 4 | _c©2005 | |
| 300 |
_a172 p. _c; |
||
| 336 |
_atexto _btxt _2rdacontent |
||
| 337 |
_2rdamedia _asin mediación _bn |
||
| 338 |
_2rdacarrier _avolumen _bnc |
||
| 500 | _aTítulo original en francés: Dieu pour penser III. Dieu \ Incluye índice de nombres | ||
| 501 | _arústico | ||
| 505 | 0 | 0 | _aTópico de la cuestión de Dios -- El derecho de Dios -- Aprender de Dios lo que Él es -- Por qué creo en Dios -- Sobre la idolatría siempre posible |
| 650 | 7 |
_aDios _9178 |
|
| 650 | 7 |
_aApologética _9187 |
|
| 942 | _cBK | ||
| 945 | _ajohan1477 | ||
| 999 |
_c44592 _d44592 |
||